LEADER 01701nam0 22003973i 450 001 PUV0295520 005 20231121125612.0 010 $bErr.$z9069800645 100 $a20141119d1996 ||||0itac50 ba 101 | $aeng$agrc 102 $anl 181 1$6z01$ai $bxxxe 182 1$6z01$an 200 1 $aTheocritus$fedited by M. A. Harder, R. F. Regtuit, G. C. Wakker 210 $aGroningen$cEgbert Forsten$d1996 215 $a266 p.$d24 cm 225 | $aHellenistica Groningana$v2 300 $aRaccoglie gli atti di: Groningen Workshops on Hellenistic Poetry 2. Theocritus tenuto a Groningen dal 31 agosto al 2 settembre 1994. 410 0$1001VEA0047884$12001 $aHellenistica Groningana$v2 606 $aTeocrito$2FIR$3RMLC012657$9E 676 $a884.01$9Poesia lirica in greco classico. Origini-499$v21 702 1$aWakker$b, G. C.$3MILV080187 702 1$aRegtuit$b, Remco Ferdinand$3MILV147643 702 1$aHarder$b, M. Annette$3UFIV098429 710 12$aGroningen workshops on Hellenistic poetry$d <2.$f ; 1994$e ; Groningen>$3UFIV143017$4070$01442087 790 1$aRegtuit$b, Remco F.$3UMCV377179$zRegtuit, Remco Ferdinand 790 1$aRegtuit$b, Remco$3UMCV377180$zRegtuit, Remco Ferdinand 790 1$aHarder$b, Annette$3UFIV150327$zHarder, M. Annette 801 3$aIT$bIT-01$c20141119 850 $aIT-FR0017 899 $aBiblioteca umanistica Giorgio Aprea$bFR0017 912 $aPUV0295520 950 0$aBiblioteca umanistica Giorgio Aprea$d 52CIS 5/801$e 52VM 0000170625 VM barcode:00002447. - Inventario:22291 FLSVM$fA $h20020701$i20121204 977 $a 52 996 $aTheocritus$93613511 997 $aUNICAS LEADER 00968nam0 22002651i 450 001 UON00344596 005 20231205104313.90 100 $a20091111f1963 |0itac50 ba 101 $aita 102 $aIT 105 $a|||| 1|||| 200 1 $aA. Rimbaud$einterpretazione e commento dei testi$fMario Matucci 210 $aRoma$cE. De Santis$da.a. 1962-63 215 $a168 p.$d24 cm. 606 $aRIMBAUD ARTHUR$3UONC018550$2FI 620 $aIT$dRoma$3UONL000004 676 $a808.84$cSAGGI (Letteratura)$v21 700 1$aMATUCCI$bMario$3UONV123088$0132920 712 $aDe Santis E. Libreria Editrice$3UONV276769$4650 801 $aIT$bSOL$c20240220$gRICA 899 $aSIBA - SISTEMA BIBLIOTECARIO DI ATENEO$2UONSI 912 $aUON00344596 950 $aSIBA - SISTEMA BIBLIOTECARIO DI ATENEO$dSI Francese V B RIM MAT $eSI SFR138 5 996 $aA. Rimbaud$9173602 997 $aUNIOR